Jste dokonale racionální investor?

Obchodovanie na finančných trhoch. Teória efektívnych trhov. Odlišné typy investorov stabilizujú trh. Typológia - rôzne skupiny investorov. Klasifikácia psychologického profilu investora.

Na minha lista:
Detalhes bibliográficos
Autor principal: Vocílka, Aleš
Formato: Capítulo de Livro
Idioma:tcheco
Assuntos:
Tags: Adicionar Tag
Sem tags, seja o primeiro a adicionar uma tag!

MARC

LEADER 00000naa$a2200000$$$4500
001 0070782
005 20230804110709.2
041 0 |a cze 
044 |a CZ 
245 1 0 |a Jste dokonale racionální investor?  |c Aleš Vocílka 
520 |a Obchodovanie na finančných trhoch. Teória efektívnych trhov. Odlišné typy investorov stabilizujú trh. Typológia - rôzne skupiny investorov. Klasifikácia psychologického profilu investora. 
610 2 0 |a trh finančný 
610 2 0 |a teória trhov efektívnych 
610 2 0 |a investori 
610 2 0 |a osobnosť 
610 2 0 |a typológia 
610 2 0 |a psychológia 
100 1 |a Vocílka, Aleš